Movie Character to Country - Statistics

General Stats
  • This quiz has been taken 43 times
  • The average score is 12 of 16
Answer Stats
Movie Character Movie Country % Correct
Mulan Mulan China
92%
Hercules Hercules Greece
92%
Dracula Dracula Romania
92%
Belle Beauty and the Beast France
86%
Pocahontas Pocahontas United States
86%
The Mummy The Mummy Egypt
81%
Miguel Coco Mexico
81%
Anastasia Anastasia Russia
81%
Elsa Frozen Norway
76%
Cruella de Vil 101 Dalmatians U.K.
73%
Luca Luca Italy
65%
Moana Moana Polynesia
65%
Rapunzel Tangled Germany
62%
Mufasa The Lion King Any Swahili-Speaking Country
57%
Mirabel Encanto Colombia
51%
Mei Turning Red Canada
38%
No matching quizzes found
Score Distribution
Percent of People with Each Score
Percentile by Number Answered
Your Score History
You have not taken this quiz